Państwa Oceanii według dwóch pierwszych liter - Statystyki

Ogólne statystyki
  • Ten quiz został rozwiązany 1 720 razy
  • Średni wynik to 9 z 14
Odpowiedzi na mapie
Odpowiedzi zakodowano w zielono-czerwonej skali na mapie do tego quizu, zgodnie z poniższymi procentami.
 
Statystyki odpowiedzi
Kraj % Poprawnych
Australia
97%
Papua-Nowa Gwinea
87%
Palau
86%
Nowa Zelandia
83%
Wyspy Marshalla
65%
Wyspy Salomona
65%
Fidżi
62%
Mikronezja
60%
Kiribati
59%
Vanuatu
57%
Nauru
55%
Tuvalu
52%
Samoa
49%
Tonga
44%
Nie znaleziono quizów pasujących do podanych kryteriów
Rozkład punktacji
Procent ludzi z każdym wynikiem
Percentyl według liczby udzielonych odpowiedzi
Twoja historia wyników
Nie rozwiązałeś tego quizu